<?xml version="1.0" encoding="UTF-8"?>
<collection xmlns="http://www.loc.gov/MARC21/slim">
 <record>
  <leader>01731nam a22002417a 4500</leader>
  <controlfield tag="001">NCT_4_000002</controlfield>
  <controlfield tag="008">230613b        xxu||||| |||| 00| 0 vie d</controlfield>
  <datafield tag="999" ind1=" " ind2=" ">
   <subfield code="c">7863</subfield>
   <subfield code="d">7863</subfield>
  </datafield>
  <datafield tag="020" ind1=" " ind2=" ">
   <subfield code="a">9786046725022</subfield>
   <subfield code="c">1580000</subfield>
  </datafield>
  <datafield tag="082" ind1=" " ind2=" ">
   <subfield code="2">23rd ed.</subfield>
   <subfield code="a">615.1</subfield>
   <subfield code="b">D557T/T.1</subfield>
  </datafield>
  <datafield tag="245" ind1="0" ind2="0">
   <subfield code="a">Dược thư quốc gia Việt Nam =</subfield>
   <subfield code="b">Vietnamese National Drug Formulary</subfield>
   <subfield code="c">Bộ Y Tế</subfield>
   <subfield code="n">Tập I</subfield>
  </datafield>
  <datafield tag="250" ind1=" " ind2=" ">
   <subfield code="a">Lần xuất bàn thứ 3</subfield>
  </datafield>
  <datafield tag="260" ind1=" " ind2=" ">
   <subfield code="a">H.</subfield>
   <subfield code="b">Khoa học và kỹ thuật</subfield>
   <subfield code="c">2022</subfield>
  </datafield>
  <datafield tag="300" ind1=" " ind2=" ">
   <subfield code="a">883 tr.</subfield>
   <subfield code="c">30cm</subfield>
  </datafield>
  <datafield tag="520" ind1="3" ind2=" ">
   <subfield code="a">Nội dung sách là tài liệu chính thức của Bộ Y tế về hướng dẫn sử dụng thuốc an toàn, hợp lú và hiệu quả, đồng thời là tài liệu cung cấp những thông tin quan trọng, khoa học, chính xác, trung thực và cập nhật về thuốc</subfield>
  </datafield>
  <datafield tag="653" ind1=" " ind2=" ">
   <subfield code="a">Dược học</subfield>
  </datafield>
  <datafield tag="942" ind1=" " ind2=" ">
   <subfield code="2">ddc</subfield>
   <subfield code="c">BK</subfield>
  </datafield>
  <datafield tag="952" ind1=" " ind2=" ">
   <subfield code="0">0</subfield>
   <subfield code="1">0</subfield>
   <subfield code="2">ddc</subfield>
   <subfield code="4">0</subfield>
   <subfield code="6">615_100000000000000_D557T_T_1</subfield>
   <subfield code="7">0</subfield>
   <subfield code="9">27863</subfield>
   <subfield code="a">000001</subfield>
   <subfield code="b">000001</subfield>
   <subfield code="d">2023-06-13</subfield>
   <subfield code="o">615.1 D557T/T.1</subfield>
   <subfield code="p">MD.21896</subfield>
   <subfield code="r">2023-06-13</subfield>
   <subfield code="w">2023-06-13</subfield>
   <subfield code="y">BK</subfield>
  </datafield>
  <datafield tag="952" ind1=" " ind2=" ">
   <subfield code="0">0</subfield>
   <subfield code="1">0</subfield>
   <subfield code="2">ddc</subfield>
   <subfield code="4">0</subfield>
   <subfield code="6">615_100000000000000_D557T_T_1</subfield>
   <subfield code="7">0</subfield>
   <subfield code="9">27864</subfield>
   <subfield code="a">000001</subfield>
   <subfield code="b">000001</subfield>
   <subfield code="d">2023-06-13</subfield>
   <subfield code="o">615.1 D557T/T.1</subfield>
   <subfield code="p">MD.21897</subfield>
   <subfield code="r">2023-06-13</subfield>
   <subfield code="w">2023-06-13</subfield>
   <subfield code="y">BK</subfield>
  </datafield>
  <datafield tag="952" ind1=" " ind2=" ">
   <subfield code="0">0</subfield>
   <subfield code="1">0</subfield>
   <subfield code="2">ddc</subfield>
   <subfield code="4">0</subfield>
   <subfield code="6">615_100000000000000_D557T_T_1</subfield>
   <subfield code="7">0</subfield>
   <subfield code="9">27865</subfield>
   <subfield code="a">000001</subfield>
   <subfield code="b">000001</subfield>
   <subfield code="d">2023-06-13</subfield>
   <subfield code="o">615.1 D557T/T.1</subfield>
   <subfield code="p">MD.21898</subfield>
   <subfield code="r">2023-06-13</subfield>
   <subfield code="w">2023-06-13</subfield>
   <subfield code="y">BK</subfield>
  </datafield>
  <datafield tag="952" ind1=" " ind2=" ">
   <subfield code="0">0</subfield>
   <subfield code="1">0</subfield>
   <subfield code="2">ddc</subfield>
   <subfield code="4">0</subfield>
   <subfield code="6">615_100000000000000_D557T_T_1</subfield>
   <subfield code="7">0</subfield>
   <subfield code="9">27866</subfield>
   <subfield code="a">000001</subfield>
   <subfield code="b">000001</subfield>
   <subfield code="d">2023-06-13</subfield>
   <subfield code="o">615.1 D557T/T.1</subfield>
   <subfield code="p">MD.21899</subfield>
   <subfield code="r">2023-06-13</subfield>
   <subfield code="w">2023-06-13</subfield>
   <subfield code="y">BK</subfield>
  </datafield>
  <datafield tag="952" ind1=" " ind2=" ">
   <subfield code="0">0</subfield>
   <subfield code="1">0</subfield>
   <subfield code="2">ddc</subfield>
   <subfield code="4">0</subfield>
   <subfield code="6">615_100000000000000_D557T_T_1</subfield>
   <subfield code="7">0</subfield>
   <subfield code="9">27867</subfield>
   <subfield code="a">000001</subfield>
   <subfield code="b">000001</subfield>
   <subfield code="d">2023-06-13</subfield>
   <subfield code="o">615.1 D557T/T.1</subfield>
   <subfield code="p">MD.21900</subfield>
   <subfield code="r">2023-06-13</subfield>
   <subfield code="w">2023-06-13</subfield>
   <subfield code="y">BK</subfield>
  </datafield>
  <datafield tag="980" ind1=" " ind2=" ">
   <subfield code="a">Thư viện Trường Đại học Nam Cần Thơ</subfield>
  </datafield>
 </record>
</collection>
